00847nam a22002417a 450000500170000001000130001702000260003003500130005603700160006904000120008508200170009710000280011424500560014226000480019827000470024630000250029350000500031865000440036865000200041294200260043299900190045895201280047720170124110212.0 aB-159302 c700.00a9788176296670 aB-159302 bCen Lib/Ret aDPLbEN a336.205bDHI aDhingra, Navjot 938322 aTax reforms and administration /cby Navjot Dhingra aNew Delhi bDeep & Deep Publications c2005 bNew Delhi aF-159, rajouri garden e110027 axvi, 328p.c19cm(Hb) aInclude bibliographical references and index  aTax administration and procedure938323 aTaxation938324 2ddccENh336.205mDHI c133575d133575 00104070aLbLd2015-07-27eCen Lib/Retg700.00l0o336.205 DHIpB-159302r2015-07-27 00:00:00t1v700.00w2015-07-27yEN